Normal view
MARC view
- Melgar, María Fernanda
Entry Nombre Personal
001 - NUMERO DE CONTROL
- campo de control: 51273
003 - IDENTIFICADOR DE NUMERO DE CONTROL
- campo de control: UPN
005 - FECHA Y HORA DE LA ÜLTIMA TRANSACCIÓN
- campo de control: 20240305130554.0
008 - DATOS DE LONGITUD FIJA
- campo de control de longitud fija: 240305|| acn||aabn | a|a d
024 ## - OTROS IDENTIFICADORES NORMALIZADOS
- Fuente: orfcid
- Número normalizado o código: https://orcid.org/0000-0003-4331-0319
040 ## - FUENTE DE CATALOGACIÓN
- Agencia original de catalogación: MX-MxUPN
100 1# - ENCABEZAMIENTO - NOMBRE PERSONAL
- Nombre personal: Melgar, María Fernanda
370 ## - LUGAR ASOCIADO
- Place of birth: Argentina
371 ## - DIRECCIÓN
- Electronic mail address: fernandamelgar@gmail.com
372 ## - CAMPO DE ACTIVIDAD
- Field of activity: Ciencias de la educación
- Field of activity: Docencia
373 ## - GRUPO ASOCIADO
- Associated group: Universidad Nacional de Río Cuarto
374 ## - OCUPACIÓN
- Occupation: Doctora en Ciencias de la educación
- Occupation: Profesora universitaria
670 ## - FUENTE EN LA QUE SE LOCALIZARON DATOS
- Cita de la fuente: En recurso en línea: CPU-e, revista de investigación educativa. No. 37 (2023):
- Información localizada: página 171 (María Fernanda Melgar)
- Uniform Resource Identifier: https://cpue.uv.mx/index.php/cpue/article/view/2851/4652
902 ## - CATALOGADOR
- Catalogador: RGJD/050324
